| 000 | 00436nam a22001697a 4500 | ||
|---|---|---|---|
| 003 | CEME | ||
| 005 | 20210628210608.0 | ||
| 008 | 210210b xxu||||| |||| 00| 0 eng d | ||
| 040 | _c. | ||
| 082 | _a620.4021 WIN | ||
| 100 |
_aWinterbone, Desmond.E _973507 |
||
| 245 | _aAdvanced thermodynamics for engineers | ||
| 260 |
_aLONDON _bARNOLD _c1997 |
||
| 300 | _a395P | ||
| 650 |
_aTHERMODYNAMICS FOR ENGINEERS _963664 |
||
| 942 |
_cBK _2ddc |
||
| 999 |
_c585071 _d585071 |
||